000 00841nam a2200229Ii 4500
003 JO-AjNU
008 230605s9999||||xx |||||||||||||| ||und||
017 _a1992/10363
020 _a977-15-0094-5
040 _aJO-AjNU
_bara
_erda
_cJO-AjNU
041 _aara
050 1 4 _aDS119.6.F38 1992
100 3 _aتاليف طايل، فوزي محمد,
_eauthor
_917798
245 0 0 _aالنظام السياسي في إسرائيل
250 _aط2(مزيدة ومنقحة)
264 3 1 _aالقاهرة: معهد البحوث والدراسات العربية، 1992
300 _a374ص
_bيشتمل على ملاحق من ص (318-364 ) وخرائط توضيحية
336 _atext
_btxt
_2rdacontent
337 _aunmediated
_bn
_2rdamedia
338 _avolume
_bnc
_2rdacarrier
650 4 _aاسرائيل- سياسة وحكومة
_917799
999 _aA5574
_c9142
_d9142